| 000 | 00900nam a2200229 a 4500 | ||
|---|---|---|---|
| 001 | 43402 | ||
| 003 | BD-RjUL | ||
| 005 | 20211209053707.0 | ||
| 008 | 160621s1946 mau 000 0 eng d | ||
| 035 | _a(BD-RjUL)43520 | ||
| 040 |
_aBD-RjUL _beng _cBD-RjUL |
||
| 041 | _aeng | ||
| 082 |
_223 _a370.973 _bGEN 1946 |
||
| 110 | 2 |
_aHarvard University. _bCommittee on the Objectives of a General Education in a Free Society. _9184361 |
|
| 245 | 1 | 0 |
_aGeneral education in a free society : _breport of the Harvard Committee / _c[The Committee on the Objectives of a General Education in a Free Society] ; with an introduction by James Beyant Conant. |
| 260 |
_aCambridge, Mass : _bHarvard University Press, _c1945-1946 |
||
| 300 |
_axix, 267 p. ; _c24 cm. |
||
| 650 | 0 |
_aEducation. _9133295 |
|
| 700 | 1 |
_aConant, James Bryant, _d1893-1978. _9133296 |
|
| 710 |
_aHarvard University. _9133297 |
||
| 942 |
_2ddc _cBK |
||
| 999 |
_c43402 _d43402 |
||